كتاب القولنج مع دراسة مقابله لرسالة ابن سينا فى القولنج / (Record no. 44110)
[ view plain ]
| 000 -الفاتح | |
|---|---|
| حقل البيانات ثابتة الطول | 00712nam a2200181Ia 4500 |
| 008 - عناصر البيانات ثابتة الطول - معلومات عامة | |
| حقل البيانات ثابتة الطول | 140319s9999 xx 000 0 ara d |
| 040 ## - مصدر الفهرسة | |
| وكالة الفهرسة الأصلية | GCL / |
| وكالة النسخ | GCL |
| 082 04 - رقم تصنيف ديوى العشرى | |
| رقم التصنيف | 610.9 |
| رقم المادة | ر ك |
| 100 1# - المدخل الرئيسى - إسم شخصى | |
| الإسم الشخصى | الرازى ، ابو بكر محمد بن زكريا |
| 245 10 - بيان العنوان | |
| العنوان | كتاب القولنج مع دراسة مقابله لرسالة ابن سينا فى القولنج / |
| بيان المسئوليه,etc | الرازى ، ابو بكر محمد بن زكريا |
| 700 1# - المدخل الاضافى - اسم شخصى | |
| الإسم الشخصى | صبحى محمود حمامى (تحقيق وترجم) |
| 300 ## - الوصف المادى | |
| التعداد | 274 |
| 490 ## - بيان السلسلة | |
| عنوان السلسلة | مصادر ودراسات فى تاريخ الطب العربى |
| رقم المجلد/ التعيين التسلسلي | 0 |
| 650 04 - المدخل الاضافى بالموضوع-مصطلح موضوعى | |
| مصطلح موضوعي | الطب العربى |
| 650 04 - المدخل الاضافى بالموضوع-مصطلح موضوعى | |
| مصطلح موضوعي | العلوم عند العرب |
| 942 ## - عناصر المدخل الإضافي( كوها) | |
| مصدر التصنيف او مخطط الترفيف | Dewey Decimal Classification |
| Koha [default] item type | كتاب |
| حالة التراجع | حالة الفقد | حالة تلف | ليس للاعارة | المكان المؤقت | الموقع الحالى | تاريخ الاكتساب | اجمالي اﻻعارات | رقم الطلب | الباركود | تاريخ اخر مشاهدة | تاريخ تفعيل السعر | نوع وعاء كوها |
|---|---|---|---|---|---|---|---|---|---|---|---|---|
| مكتبة القاهرة الكبرى | مكتبة القاهرة الكبرى | 03/26/2014 | 610.9\ر ك | 107078 | 03/26/2014 | 03/26/2014 | كتاب | |||||
| مكتبة القاهرة الكبرى | مكتبة القاهرة الكبرى | 03/26/2014 | 610.9\ر ك | 107079 | 03/26/2014 | 03/26/2014 | كتاب | |||||
| مكتبة القاهرة الكبرى | مكتبة القاهرة الكبرى | 03/26/2014 | 610.9\ر ك | 107080 | 03/26/2014 | 03/26/2014 | كتاب |

